logo

Bir Sreshtho Munshi Abdur Rouf Library
Jhenaidah Cadet College

California Mathematics / (Record no. 9565)

MARC details
000 -LEADER
fixed length control field 01453nam a2200373Ia 4500
001 - CONTROL NUMBER
JCCL Control Number 9565
003 - CONTROL NUMBER IDENTIFIER
JCCL marc code BD - JhCC
005 - DATE AND TIME OF LATEST TRANSACTION
control field 20180321190539.0
008 - FIXED-LENGTH DATA ELEMENTS--GENERAL INFORMATION
fixed length control field 950713s1995 waua b 101 0 eng d
020 ## - INTERNATIONAL STANDARD BOOK NUMBER
International Standard Book Number 0819417912
035 ## - SYSTEM CONTROL NUMBER
system control number (BD - JhCC)9565
035 ## - SYSTEM CONTROL NUMBER
system control number (OCoLC)32523520
040 ## - CATALOGING SOURCE
Original cataloging agency LHL
Transcribing agency LHL
Modifying agency MYG
041 ## - LANGUAGE CODE
Language code of Book eng
082 ## - DEWEY DECIMAL CLASSIFICATION NUMBER
Classification number 513
Author mark and Year CAL 2001
090 ## - LOCALLY ASSIGNED LC-TYPE CALL NUMBER (OCLC); LOCAL CALL NUMBER (OCLC)
Classification number (OCLC) (R) ; Classification number, CALL (RLIN) (NR) TA418.9.S62
Local cutter number (OCLC) ; Book number/undivided call number, CALL (RLIN) S526 1995
245 00 - TITLE STATEMENT
Title California Mathematics /
Statement of responsibility, etc Jennie Bennett...[et.all.].
246 30 - VARYING FORM OF TITLE
Title proper/short title Smart structures and materials 1995
260 ## - PUBLICATION, DISTRIBUTION, ETC. (IMPRINT)
Place of publication, distribution, etc Bellingham, Wash., USA :
Name of publisher, distributor, etc SPIE,
Date of publication, distribution, etc c1995.
300 ## - PHYSICAL DESCRIPTION
Pagination x, 566 p. :
Other physical details ill. ;
Dimensions 28 cm.
490 1# - SERIES STATEMENT
Series statement Proceedings / SPIE--the International Society for Optical Engineering ;
Volume number/sequential designation v. 2442
500 ## - GENERAL NOTE
General note "Cosponsored by American Society of Mechanical Engineers, Materials Research Society, Society for Experimental Mechanics, Inc."
504 ## - BIBLIOGRAPHY, ETC. NOTE
Bibliography, etc Includes bibliographic references and author index.
650 ## - SUBJECT ADDED ENTRY--TOPICAL TERM
Topical term or geographic name as entry element Mathematics
General subdivision Study and teaching (Elementary)
700 1# - ADDED ENTRY--PERSONAL NAME
Personal name Varadan, V. V.,
Dates associated with a name 1948-
710 2# - ADDED ENTRY--CORPORATE NAME
Corporate name or jurisdiction name as entry element Society of Photo-optical Instrumentation Engineers.
710 2# - ADDED ENTRY--CORPORATE NAME
Corporate name or jurisdiction name as entry element Society for Experimental Mechanics (U.S.)
830 #0 - SERIES ADDED ENTRY--UNIFORM TITLE
Uniform title Proceedings of SPIE--the International Society for Optical Engineering ;
Volume number/sequential designation v. 2442.
856 41 - ELECTRONIC LOCATION AND ACCESS
Uniform Resource Identifier http://spiedigitallibrary.org/proceedings/resource/2/psisdg/2442/1
942 ## - ADDED ENTRY ELEMENTS (KOHA)
Source of classification or shelving scheme Dewey Decimal Classification
Koha item type Books
949 ## - LOCAL PROCESSING INFORMATION (OCLC)
a e
p 39080009325827
956 41 - LOCAL ELECTRONIC LOCATION AND ACCESS (OCLC)
Uniform Resource Identifier http://libraries.mit.edu/get/spie
Holdings
Source of classification or shelving scheme Damaged status Not for loan Home library Current library Shelving location Total Checkouts Full call number Barcode Date last seen Copy number Koha item type Date of accession
Dewey Decimal Classification     JCC Rouf Library JCC Rouf Library General Stacks   513 CAL 2001 12779 03/19/2018 C - 1 Books  
Dewey Decimal Classification     JCC Rouf Library JCC Rouf Library General Stacks   513 CAL 2001 12863 03/21/2018 C-2 Books 03/21/2018

JCC Library | Contacts | JCC Home

Last Update on 23 September 2017
Copyright @ 2017-2020 JCC Rouf Library
Rouf Library, Jhenidah Cadet College (JCC), Bangladesh